| Поле | Инд. | ПП | Название | Значение |
|---|---|---|---|---|
| Тип записи | a | |||
| Библиографический уровень | m | |||
| 001 | Контрольный номер | 465d6dc2-51ff-11db-b02a-008048b56a28 | ||
| 005 | Дата корректировки | 20141114154701.9 | ||
| 008 | Кодируемые данные | 061002 | ||
| 020 | a | ISBN | 5-227-00087-7 | |
| c | Цена, тираж | 45.00 | ||
| 040 | a | Служба первич. каталог. | НБ ТвГУ | |
| 041 | a | Код языка текста | rus | |
| 080 | a | Индекс УДК | 821.161.1-2 | |
| 084 | a | Индекс другой классификации/Индекс ББК | Ш6(2=411.2)6-6 | |
| 090 | a | Полочн. индекс | Р2 | |
| x | Авторский знак | К67 | ||
| 100 | 1_ | a | Автор | Корнилов Сергей Г. |
| q | Полное имя | Сергей Корнилов | ||
| 245 | 10 | a | Заглавие | Премухино |
| b | Продолж. заглавия | фантазия для театра : в 3 ч. | ||
| 246 | 2 | 3 | ||
| a | Другая форма заглавия | Прямухино | ||
| 260 | 0_ | a | Место издания | Тверь |
| b | Издательство | Золотая буква | ||
| c | Дата издания | 2006 | ||
| 300 | a | Объем | 130 с. | |
| 500 | a | Примечание | Содерж.: Глас натуры ; Вальс-фантазия ; Finita. | |
| 583 | a | Действие | Получение впервые 368 02.10.2006 | |
| k | Исполнитель действия | Обмен | ||
| 653 | a | Ключевые слова | Прямухино | |
| a | Ключевые слова | Художественная | ||
| 852 | p | Инвентарный номер | 850952 | |
| t | Порядковый номер экземпляра | 1 | ||
| 888 | a | Бесплатные | ||
| 920 | a | Оператор | Семен | |
| a | Оператор | Густ | ||
| a | Оператор | Стро | ||
| 930 | a | Новая/Ретро | художественная | |
| 952 | c | Вид литературы | К рх | |
| p | 368.2006 45.00 1 850952 | |||
| 954 | a | Дата поступления на обработку | 20061003 | |
| c | Дата окончания ОНО | 20140117 | ||
| b | Дата поступления в ОК | 20131217 | ||
| 999 | a | Подразделение 2 | ч.з. |